00632nam a2200205 a 450000100060000000300080000600500170001400800410003103500190007204000320009104100080012308200190013110000290015024500610017926000540024030000340029450400370032865000410036565000200040622569BD-RjUL20211209000825.0140308s1967 nyua b 001 0 eng d a(BD-RjUL)22634 aDLCcWSUdOCLdBD-RjULbeng aeng a541bKAQ 19671 aKauzmann, Walter,d1916-10aQuantum chemistry :ban introduction /cWalter Kauzmann. aNew York :bAcademic Press,c1957[Printing 1967]. axii, 744 p. :bill. ;c24 cm. aIncludes bibliography and index. 0aChemistry, Physical and theoretical. 0aQuantum theory.